Central Library OPAC University of Rajshahi

The effects of ionizing radiation on natural and synthetic high ploymers / (Record no. 11288)

MARC details
000 -LEADER
fixed length control field 00883cam a22002653 4500
001 - CONTROL NUMBER
control field 11288
003 - CONTROL NUMBER IDENTIFIER
rucl marc code BD-RjUL
005 - DATE AND TIME OF LATEST TRANSACTION
control field 20211208235112.0
008 - FIXED-LENGTH DATA ELEMENTS--GENERAL INFORMATION
fixed length control field 140126s1958 nyua b 001 0 eng
035 ## - SYSTEM CONTROL NUMBER
System control number (BD-RjUL)11337
040 ## - CATALOGING SOURCE
Original cataloging agency DLC
Transcribing agency DLC
Modifying agency DLC
-- BD-RjUL
Language of cataloging eng
041 ## - LANGUAGE CODE
Language code of text/sound track or separate title eng
082 ## - DEWEY DECIMAL CLASSIFICATION NUMBER
Classification number 620.19204228
Author mark and year BOE 1958
100 1# - MAIN ENTRY--PERSONAL NAME
Personal name Bovey, Frank A.
Fuller form of name (Frank Alden),
Dates associated with a name 1918-2003.
9 (RLIN) 34925
245 14 - TITLE STATEMENT
Title The effects of ionizing radiation on natural and synthetic high ploymers /
Statement of responsibility, etc. Frank A. Bovey.
246 30 - VARYING FORM OF TITLE
Title proper/short title Ionizing radiation
260 ## - PUBLICATION, DISTRIBUTION, ETC. (IMPRINT)
Place of publication, distribution, etc. New York :
Name of publisher, distributor, etc. Interscience Puiblishers,
Date of publication, distribution, etc. 1958.
300 ## - PHYSICAL DESCRIPTION
Pagination xiii, 287 p. :
Illustrations illus., diagrs., tables. ;
Size 24 cm.
504 ## - BIBLIOGRAPHY, ETC. NOTE
Bibliography, etc Includes bibliographies and indexes.
650 #0 - SUBJECT ADDED ENTRY--TOPICAL TERM
Topical term or geographic name as entry element Polymers
General subdivision Effect of radiation on.
9 (RLIN) 34927
942 ## - ADDED ENTRY ELEMENTS (KOHA)
Source of classification or shelving scheme Dewey Decimal Classification
Koha item type Books
Holdings
Lost status Source of classification or shelving scheme Damaged status Not for loan Collection code Permanent Location Current Location Shelving location Date acquired Source of acquisition Cost, normal purchase price Total Checkouts Full call number Date last seen Copy number Koha item type
  Dewey Decimal Classification   Not For Loan Non-fiction Central Library, University of Rajshahi Central Library, University of Rajshahi Rare Book Section 01/02/1963 Zeitlinger 68.00   620.19204228 BOE 1958 26/01/2014 C-1 Books